Geography Quiz

Random Geography or City Quiz

4 to 13 Letter 'T' Places Quiz Stats

Quiz Updated Jan 22, 2018

Challenge
Share
Tweet
Embed
Score 0/10 Timer 02:00
28 Plays Today
Clue 'T'-Place % Correct
Seventeenth most populated US stateTennessee
89.2%
Country's capital is LoméTogo
84.5%
Transcontinental Eurasian country whose capital was once called AngoraTurkey
84.3%
World's most populated metropolitan areaTokyo
82.1%
Country bordering Kyrgyzstan and AfghanistanTajikistan
76.5%
Saparmurat Niyazov's countryTurkmenistan
73.2%
Largest city in Baja California, MexicoTijuana
69.1%
Uzbekistan's largest city and capitalTashkent
52.7%
Central American capital cityTegucigalpa
44.4%
Second largest fluvial group of islands in the worldTupinambarana
3.3%

You're not logged in!

Compare scores with friends on all Sporcle quizzes.
Sign Up with Email
OR
Log In

You Might Also Like...

Show Comments

Extras

Top Quizzes Today


Score Distribution

Your Account Isn't Verified!

In order to create a playlist on Sporcle, you need to verify the email address you used during registration. Go to your Sporcle Settings to finish the process.

Report this User

Report this user for behavior that violates our Community Guidelines.

Details: